000 00764nab a2200241 a 4500
005 20210219160950.0
008 991125s1985 mx 000 0 spa u
035 _aUPN01000176109
100 1 _aGutiérrez, Germán
222 _aREVISTA LATINOAMERICANA DE PSICOLOGIA
245 _aDesarrollo histórico de una publicación científica : cuarenta años de la Revista Latinoamericana de Psicología
260 _aBogotá, Colombia
300 _a413-428
362 0 _a2009 Vol. 41, no. 3
653 0 _aPUBLICACIONES PERIODICAS
653 0 _aBIBLIOMETRIA
653 0 _aREVISTA LATINOAMERICANA DE PSICOLOGIA
700 1 _aPérez Acosta, Andrés M.,
700 1 _ecoaut.
700 1 _aPlata Caviedes, Tatiana
700 1 _ecoaut.
905 _aArticulo
999 _c148212
_d148212